|
|
แสดงรายละเอียดบรรณานุกรม |
|
|
Brief Record
: Get Marc (ISO 2709)
: E-mail record
: |
|
|
| LEADER 00000nam 2200000uu 4500 | |||
| 001 211819 | |||
| 003 ULIBM | |||
| 008 020711s2553 th a 000 0 tha d | |||
| 020 9789746554091 | |||
| 041 ^atha | |||
| 050 4 P90 ก426ค 2553 | |||
| 100 กาญจนา มีศิลปวิกกัย | |||
| 245 ความรู้เบื้องต้นและทฤษฎีการสื่อสาร=^bIntroduction and theory of communication/^cกาญจนา มีศิลปวิกกัย | |||
| 246 31 ^aIntroduction and theory of communication | |||
| 250 พิมพ์ครั้งที่ 7 | |||
| 260 กรุงเทพฯ :^bโรงพิมพ์มหาวิทยาลัยศรีปทุม,^c2553 | |||
| 300 140 หน้า :^bภาพประกอบ ;^c25 ซม. | |||
| 650 4 การสื่อสาร | |||
| 710 2 ^aมหาวิทยาลัยศรีปทุม. คณะนิเทศศาสตร์ | |||
| 999 ^aใช้งานได้ทุกระบบ | |||
| คุณยังไม่ได้ล็อกอิน คุณสามารถมีกิจกรรมร่วมกับเว็บไซต์ได้ แต่ต้องล็อกอินก่อน :: |
|
| สถานะ | |||||||||
| 1. | หนังสือทั่วไป สถานะ=หนังสือเก่า - บริการ ณ ห้องสมุด (ห้องเหลือง) | P90 ก426ค 2553 | On Shelf ขอยืม | ||||||
| [แสดง 1/1 รายการ] | |||||||||
BibComment |
| คอมเมนท์ทรัพยากรรายการนี้ |
|
|